| 000 | 00522nam a2200169 i 4500 | ||
|---|---|---|---|
| 001 | 65357 | ||
| 003 | ES-MaACL | ||
| 005 | 20240221063027.0 | ||
| 007 | t| | ||
| 008 | 040112s1949 sp ||||1| spa d | ||
| 100 | 1 |
_aFranco Bahamonde, Francisco, _d1892-1975 _952240 |
|
| 245 | 1 | 0 |
_aFranco en Portugal _b: actos y discursos / _cFrancisco Franco Bahamonde. |
| 260 |
_aMadrid : _bPublicaciones EspaƱolas, _c1949. |
||
| 300 |
_a124 p. ; _c20 cm. |
||
| 852 |
_aES-MaACL _jE-4435 _bR.89349 |
||
| 999 |
_c65357 _d65357 |
||